|
|
|
|
| LEADER |
01563nam a2200397Ia 4500 |
| 001 |
EBC3385673 |
| 003 |
MiAaPQ |
| 005 |
20200520144314.0 |
| 006 |
m o d | |
| 007 |
cr cn||||||||| |
| 008 |
110407s2011 dcua sb 001 0 eng d |
| 010 |
|
|
|z 2011013376
|
| 020 |
|
|
|z 0881326216
|
| 020 |
|
|
|z 9780881326215
|
| 035 |
|
|
|a (MiAaPQ)EBC3385673
|
| 035 |
|
|
|a (Au-PeEL)EBL3385673
|
| 035 |
|
|
|a (CaPaEBR)ebr10478474
|
| 035 |
|
|
|a (OCoLC)923328242
|
| 040 |
|
|
|a MiAaPQ
|c MiAaPQ
|d MiAaPQ
|
| 050 |
|
4 |
|a HJ8015
|b .G34 2011
|
| 082 |
0 |
4 |
|a 336.3/435
|2 22
|
| 100 |
1 |
|
|a Gagnon, Joseph E.
|
| 245 |
1 |
4 |
|a The global outlook for government debt over the next 25 years
|h [electronic resource] :
|b implications for the economy and public policy /
|c Joseph E. Gagnon with Marc Hinterschweiger.
|
| 260 |
|
|
|a Washington, DC :
|b Peter G. Peterson Institute for International Economics,
|c c2011.
|
| 300 |
|
|
|a xi, 61 p. :
|b ill.
|
| 490 |
1 |
|
|a Policy analyses in international economics ;
|v 94
|
| 504 |
|
|
|a Includes bibliographical references and index.
|
| 533 |
|
|
|a Electronic reproduction. Ann Arbor, MI : ProQuest, 2015. Available via World Wide Web. Access may be limited to ProQuest affiliated libraries.
|
| 650 |
|
0 |
|a Debts, Public.
|
| 650 |
|
0 |
|a Economic policy.
|
| 650 |
|
0 |
|a Fiscal policy.
|
| 655 |
|
4 |
|a Electronic books.
|
| 700 |
1 |
|
|a Hinterschweiger, Marc.
|
| 710 |
2 |
|
|a ProQuest (Firm)
|
| 830 |
|
0 |
|a Policy analyses in international economics ;
|v 94.
|
| 856 |
4 |
0 |
|u https://ebookcentral.proquest.com/lib/matrademy/detail.action?docID=3385673
|z Click to View
|